000 00674nam a2200217 a 4500
001 BRCA_6347
005 20190320205424.0
008 160811s1944----nyu#######---#000-0#eng-#
041 _aeng
_hfre
044 _anyu
050 4 _aPZ3.D89
_b.J6 1944
100 1 _aDumas, Alejandro, 1802-1870
_qDumas, Alexandre
_914449
245 1 0 _aThe journal of Madame Giovanni
_cby Alexandre Dumas; translated from the French edition (1856) by Marguerite E. Wilbur.
260 _aNueva York
_bLiveright
_c1944
300 _a404 p.
_c22 cm.
500 _aK123
650 1 4 _aLiteratura francesa
_915913
700 1 _aWilbur, Marguerite Eyer
_etr.
_915914
902 _aGFM
942 _2lcc
_cB
999 _c6033
_d6033